[Event "EU-ch 6th"]
[Site "Warsaw"]
[Date "2005.06.27"]
[Round "9"]
[White "Tiviakov, Sergei"]
[Black "Cao, Sang"]
[Result "1-0"]
[WhiteElo "2631"]
[BlackElo "2488"]
[Annotator "Finkel,A"]
[PlyCount "105"]
[EventDate "2005.06.18"]
[EventType "swiss"]
[EventRounds "13"]
[EventCountry "POL"]
[SourceTitle "CBM 108"]
[Source "ChessBase"]
[SourceDate "2005.09.26"]
[SourceVersion "1"]
[SourceVersionDate "2005.09.26"]
[SourceQuality "1"]

1. e4 c5 2. c3 d6 3. d4 Nf6 4. Bd3 g6 (4... Nc6) 5. dxc5 {This move is
considered to be harmless for black, but if black isn't cautious enough he may
find himself under serious pressure, just as it happened in the game.} dxc5 6.
e5 Nd5 7. Be4 Nc7 8. Qxd8+ Kxd8 9. Be3 (9. f4 Nd7 10. h4 h5 11. Nf3 Bh6 12. g3
Rb8 13. a4 b6 14. c4 Bb7 15. Nc3 Bxe4 16. Nxe4 f6 17. O-O $14 {Van der Werf,
M-Mascini,J/Enschede 1992}) (9. Na3 Nd7 10. Nf3 Bg7 11. Be3 (11. Bf4 Ne6 12.
Bg3 Rb8 13. h4 h6 14. O-O-O a6 15. Nc4 b6 16. h5 g5 17. Rd2 Nf4 18. e6 fxe6 19.
Nce5 $14 {Ivanov,V-Rozanov,P/Moscow 1998}) 11... Ne6 12. O-O-O Kc7 13. Nc4 Rb8
14. Ng5 Nxe5 15. Na3 Nxg5 16. Bxg5 Nc6 $11 {Firman,N-Kuzubov,Y/Alushta 2002})
9... Nd7 (9... Ne6 10. Na3 (10. f4 Kc7 11. Nf3 Bh6 12. g3 Bd7 13. c4 Nc6 14.
Nc3 Rad8 15. Kf2 Rhf8 16. h4 f6 17. exf6 exf6 18. h5 $14 {1/2-1/2 Kharitonov,
E-Moskalenko,A/Satka 2005 (34)}) (10. Nd2 Kc7 11. f4 Bd7 12. Ne2 Bc6 13. O-O-O
Bh6 $11 {Moskalenko,A-Savchenko,B/Kazan 2003}) 10... Kc7 (10... Nc6 11. O-O-O+
Kc7 12. Nc4 b6 13. f4 Ba6 14. Na3 Bh6 15. g3 Rad8 16. Nf3 f6 $11 {Erenburg,
S-Gerzhoy,L/Ashdod 2003}) 11. Nb5+ Kb6 12. a4 Bd7 13. c4 Nc6 14. Nf3 Bg7 15.
Nc3 $40 {Sermek,D-Cebalo,M/Maribor 1994}) 10. f4 f6 (10... Bh6 11. Nf3 f6 12.
Ke2 Ne6 13. g3 fxe5 14. fxe5 Bg7 15. Nbd2 Bxe5 16. Rad1 Bd6 17. Nc4 Kc7 $13 {
Huber,A-Bauer,M/Germany 1998 (66)}) (10... Rb8 11. Nf3 b6 12. Nbd2 Bb7 13.
O-O-O Nd5 14. Rhe1 Bh6 15. g3 Kc7 16. c4 Nb4 17. a3 Nc6 18. b3 Rbd8 19. Nb1 f6
20. exf6 exf6 21. Nc3 $14 {Georgiadis,I-Kuzubov,Y/Denizli 2003}) 11. Nd2 Bh6 (
11... fxe5 12. fxe5 Nxe5 13. Rd1 (13. O-O-O $2 Ng4 14. Bxc5 Ne6 $13 {[%csl Rf2]
}) 13... Ke8 14. Ngf3 (14. Bxc5 Ne6 15. Bf2 Ng4 16. Ngf3 Nxf2 17. Kxf2 Nc5 $14)
14... Nxf3+ 15. Nxf3 Ne6 16. h4 $5 $36) 12. exf6 exf6 $6 {[%csl Rd7,Rh6]} (
12... Nxf6 $5 13. Rd1 Ke8 14. Bf3 Ng4 15. Bxc5 Ne6 16. Nb3 Bxf4 17. Nh3 $14)
13. Kf2 Ne6 $6 {It was more accurate to start with f5 forcing white bishop to
retreat to f3, even though it wasn't that crucial.} (13... f5 14. Bf3 Ne6) 14.
g3 f5 15. Bg2 Nf6 16. h3 Bd7 $2 (16... g5 17. Ne2 gxf4 18. Nxf4 Nxf4 19. gxf4
Nh5 20. Nb3 $36) 17. Nb3 $1 $16 {Attacking c5 and protecting b2 at the same
time.} Ne4+ (17... Bf8 18. Bxb7 Rb8 19. Bf3 c4 20. Bxa7 Rb5 21. Na5 $1 Rxb2+
22. Ne2 $18 {[%csl Rc4][%cal Gh1b1]}) 18. Bxe4 fxe4 19. Nxc5 Nxc5 20. Bxc5 Bc6
21. Be3 Kc7 (21... Ke7) 22. Ne2 Rhe8 23. Rhd1 (23. h4 $5 Bg7 24. h5 Rad8 25.
hxg6 hxg6 26. Rh7 Rd7 $16) 23... Rad8 24. h4 Bd7 25. Bd4 Bg4 26. Be5+ Kc8 27.
Rxd8+ Rxd8 28. Nd4 Bf8 29. Ke3 Bf5 30. h5 $1 $18 (30. b4 h5 31. a4 a5 32. bxa5
Rd5 33. a6 bxa6 34. Rb1 Bc5 35. Rb8+ Kd7 36. c4 Bxd4+ 37. Bxd4 Rd6 $16) 30...
Bc5 31. hxg6 hxg6 32. Rg1 {[%csl Re4][%cal Gg3g4]} a5 33. b3 a4 (33... b5 34.
g4 Be6 35. Kxe4 Bd5+ 36. Kd3 a4 37. bxa4 $18) 34. bxa4 Be6 35. Rg2 Bd5 36. Rh2
Bc6 37. a5 Bxd4+ 38. Bxd4 Rd5 39. Rh8+ Kd7 40. Rg8 {[%csl Rg6]} Rxa5 (40... Rd6
41. c4 Ke7 42. c5 (42. Bc5 Kf7) 42... Re6 43. Rg7+ Ke8 44. g4 $18) 41. Rxg6
Rxa2 42. f5 Ra1 43. Kf4 Rf1+ 44. Ke5 Ba4 (44... Rf3 45. Rg7+ Ke8 46. Ke6 Kf8
47. Rf7+ $1 Kg8 (47... Ke8 48. Rh7) 48. Ke7 $1 Rxg3 49. Rf8+ Kh7 50. Rh8#) 45.
g4 Bc2 46. Rd6+ Ke8 47. Kf6 $1 Rf3 48. Bb6 Rd3 49. Rxd3 exd3 50. Be3 Kf8 51. g5
Kg8 52. g6 b5 53. Kg5 1-0

[Event "Bermuda-A"]
[Site "Bermuda"]
[Date "2003.01.26"]
[Round "2"]
[White "Macieja, Bartlomiej"]
[Black "Al Modiahki, Mohamad"]
[Result "1-0"]
[WhiteElo "2629"]
[BlackElo "2571"]
[Annotator "Finkel,A"]
[PlyCount "78"]
[EventDate "2003.01.25"]
[EventType "tourn"]
[EventRounds "11"]
[EventCountry "BER"]
[EventCategory "15"]
[SourceTitle "CBM 094"]
[Source "ChessBase"]
[SourceDate "2003.05.26"]
[SourceVersion "1"]
[SourceVersionDate "2003.05.26"]
[SourceQuality "1"]

1. d4 Nf6 2. Nf3 d6 3. c3 Nbd7 4. Nbd2 e5 5. e4 g6 6. Bd3 Bg7 7. O-O O-O 8. a4
$5 {Rare continuation, which was used by Karpov about 30 years ago! White's
idea is to win some space on the queenside before taking on e5.} (8. Re1 b6 (
8... exd4 $6 9. cxd4 c5 10. e5 dxe5 11. dxe5 Ng4 12. Nc4 b5 13. Bg5 Qc7 14. Be4
$16 {Knezevic,M-Planinec,A/Belgrade 1978}) (8... Re8 9. h3 (9. dxe5 dxe5 10.
Bf1 a5 11. Nc4 Qe7 12. Bg5 h6 13. Bh4 Qe6 14. a4 Nh5 15. Ne3 Nb6 16. Nd2 Bf6
$11 {Backwinkel,P-Vaganian,R/Germany 1991}) (9. Bc2 b6 (9... h6 10. a4 a5 11.
Nc4 Nh5 12. Be3 Qe7 13. Qd2 g5 14. h3 Nf8 15. Nh2 $14 {Yegiazarian,
A-Anagnostopoulos,D/Linares 1998}) 10. Nf1 c6 11. Ng3 Qc7 12. h3 Bb7 13. Bb3
Rad8 14. Bg5 h6 15. Bd2 exd4 16. cxd4 c5 $13 {Arencibia,W-Sokolovs,A/Moscow
1994}) (9. Rb1 a6 10. a4 b6 11. b4 Bb7 12. d5 Nh5 13. a5 bxa5 14. bxa5 Nc5 15.
Bf1 Bc8 16. Nb3 $16 {Leko,P-Komliakov,V/Moscow 1995}) (9. a4 Nh5 10. Bf1 Nf8
11. g3 Bd7 12. Nc4 exd4 13. Nxd4 Ne6 14. Nxe6 Rxe6 15. Bg2 Qe8 16. Be3 Bc6 17.
f3 b6 $13 {Meduna,E-Oral,T/Turnov 1996}) 9... h6 10. Nf1 d5 11. Nxe5 Nxe4 12.
Bf4 Nxe5 13. Bxe5 Bxe5 14. dxe5 Qg5 15. Bxe4 dxe4 16. Ng3 $14 {Chernin,A-Mokry,
K/Prague 1989}) 9. b3 (9. a4 a5 (9... a6 10. b4 Bb7 11. Qb3 Nh5 12. Nf1 h6 13.
Ng3 Nxg3 14. hxg3 exd4 15. cxd4 c5 $132 {Zagrebelny,S-Kalinin,O/Schwerin 1999})
(9... Bb7 10. a5 a6 11. d5 Bh6 12. b4 Ne8 13. Qc2 Ng7 14. axb6 cxb6 15. Nc4
Bxc1 16. Qxc1 Qc7 $13 {Chudinovskih,A-Shabanov,Y/Moscow 2002}) 10. Nc4 (10. d5
Nc5 11. Bc2 Bh6 12. b4 Nb7 13. Nc4 Bxc1 14. Qxc1 Bd7 15. Nfd2 Nh5 16. g3 f5 $13
{Yegiazarian,A-Minasian,A/Linares 1999}) 10... Qe7 11. dxe5 dxe5 12. b4 axb4
13. cxb4 Bb7 14. Ba3 Rfd8 15. Qc2 Nh5 16. Ne3 Nf4 17. Bc4 $14 {Meduna,E-Van
Wely,L/Novy Smokovec 1992}) (9. d5 Bh6 10. a4 Nh5 11. Bc2 Ba6 12. c4 Bb7 13. a5
Ng7 14. Nb1 Bxc1 15. Qxc1 f5 16. exf5 gxf5 17. Nc3 e4 18. Nd4 Qf6 $36 {Oll,
L-Svidler,P/Kazan 1997}) (9. Nf1 Bb7 10. Ng3 a6 11. h3 h6 12. Bd2 Nh7 13. Qc1
h5 14. Bh6 Qe7 15. Bxg7 Kxg7 16. Qd2 Rad8 $11 {Vaganian,R-Ehlvest,J/Dordrecht
2002}) 9... Bb7 10. a4 Re8 11. d5 c6 12. c4 c5 13. a5 Bh6 14. Nb1 Bxc1 15. Qxc1
Rf8 16. Nc3 Ne8 17. Qh6 $14 {Wedberg,T-Cramling,D/Eksjo 1982}) (8. dxe5 dxe5 9.
b4 (9. Qc2 b6 10. b4 Bb7 11. a4 a5 12. Nc4 Re8 13. Rd1 Qc8 14. Be3 h6 15. h3
Nh5 16. Rab1 Nf4 17. bxa5 bxa5 18. Bf1 $14 {Pelikian,J-Roselli Mailhe,B/
Vicente Lopez 2002}) 9... Re8 (9... b6 10. Nc4 Bb7 11. Re1 Re8 12. Bg5 h6 13.
Bh4 a5 14. Qc2 Ra7 15. Nfd2 Bf8 16. a3 Qa8 17. Rad1 axb4 18. axb4 Nh5 19. Ne3
$14 {Meduna,E-Socko,B/Budapest 2000}) 10. Nc4 Nh5 11. Re1 Nb6 12. Na5 Nf4 13.
Bf1 Qf6 14. Be3 Bg4 15. Nxb7 Rab8 16. Nc5 Rbd8 $36 {Waitzkin,J-Svidler,P/
Szeged 1994}) (8. Bc2 a6 9. a4 b6 10. b4 Bb7 11. dxe5 Nxe5 12. Nxe5 dxe5 13.
Qe2 Nh5 14. g3 Kh8 15. Nc4 f5 $13 {Khachian,M-Komliakov,V/Sochi 1997}) 8... c6
{Usualy black refrains from this move weakening d6, but in this particular
position it seems to be quite logical to put a queen to c7.} (8... Re8 9. Re1
Nh5 10. Bf1 h6 11. a5 c6 12. Nc4 Qe7 13. Be3 exd4 14. cxd4 Ndf6 $132 {Fries
Nielsen,J-Braga,F/Germany 1989}) (8... a5 9. Re1 Re8 10. Qc2 c6 11. b3 d5 12.
exd5 Nxd5 13. Ba3 exd4 14. Rxe8+ Qxe8 15. Re1 Qd8 16. cxd4 Nf8 $13 {Meduna,
E-Ramik,Z/Czechia 1994}) (8... d5 9. dxe5 Nxe4 10. Nxe4 dxe4 11. Bxe4 Nxe5 12.
a5 a6 13. Nd4 Re8 14. Re1 Nc4 15. Bf3 Ne5 16. Be4 Nc4 17. Bf3 Ne5 18. Be2 Bd7
$11 {Alonso,S-Dolezal,C/Buenos Aires 1998}) 9. Re1 Re8 (9... Qc7 10. Bf1 d5 11.
dxe5 Nxe5 12. Nxe5 Qxe5 13. exd5 Qxd5 14. Bc4 Qa5 15. Nb3 Qc7 16. Qf3 $14 {
Karpov,A-Vogt,L/Stockholm 1969}) (9... a5 10. Qc2 Qc7 11. b3 Re8 12. Ba3 b6 13.
Rf1 Bb7 14. dxe5 dxe5 15. Nc4 Bf8 16. Bxf8 Kxf8 17. b4 $14 {Karpov,A-Shabanov,
Y/Daugavpils 1971}) 10. Nc4 Qc7 (10... exd4 $2 11. Nxd6 $16) (10... d5 $5 11.
Nd6 $1 (11. exd5 $6 e4 12. Nd6 (12. dxc6 Nf8 13. Be2 exf3 14. Bxf3 Rxe1+ 15.
Qxe1 $13) 12... cxd5 13. Nxe8 Nxe8 14. Bf1 exf3 15. Qxf3 Ndf6 $13) 11... Re7 (
11... Re6 $2 12. Nxf7 Kxf7 13. Ng5+ Ke7 14. Nxe6 Kxe6 15. dxe5 Nxe5 16. exd5+
Qxd5 17. f4 $18 {[%cal Ge1e6]}) 12. exd5 (12. Nxe5 Nxe5 (12... Nxe4 $2 13.
Nexf7 $1 Rxf7 14. Rxe4 dxe4 15. Bc4 $18) 13. dxe5 Rxe5 14. f4 Re7 15. e5 Ne8
16. Nxc8 Qxc8 $13) 12... Nxd5 13. Bg5 f6 14. Bh4 $14) 11. dxe5 Nxe5 (11... dxe5
$5 12. b4 Nb6 13. a5 Nxc4 14. Bxc4 Be6 15. Bxe6 Rxe6 16. h3 $14) 12. Ncxe5 dxe5
13. Bc4 Be6 {Getting rid of the lightsquared bishops is a correct idea.} (13...
Bg4 $6 14. h3 Bxf3 15. Qxf3 h5 16. Bg5 Nh7 17. Bh4 $14) 14. Bxe6 Rxe6 15. a5
Rd8 (15... c5 16. c4 Rd8 17. Qc2 h6 18. Bd2 Red6 19. Bc3 Nd7 20. Nd2 $14 {
[%cal Gd2f1,Gf1e3,Ge3d5]}) 16. Qa4 b5 17. axb6 axb6 18. Be3 h6 (18... Ng4 19.
Bg5 Bf6 $2 (19... Nf6) 20. h3 $1 {[%csl Rg4]} Bxg5 21. Nxg5 $18) 19. h3 c5 $2 {
Unfortunate decision weakening a complex of light suqares on the queenside.
After a move in the game white knight gets fantastic square on c4 so it was
necessary to play} (19... b5 20. Qb4 Bf8 21. Bc5 Bxc5 22. Qxc5 Kg7 23. Ra6 Rd7
$11 {with balanced position.}) 20. Nd2 Qc6 $6 21. Qxc6 Rxc6 22. Ra6 $1 Rcd6 (
22... c4 23. Rea1 Rd3 24. R1a4 $18 {[%csl Rc4]}) 23. Nc4 Rd1 24. Rxd1 Rxd1+ 25.
Kh2 Nxe4 26. Rxb6 $16 {[%csl Rc5] Arising endgame is very difficult for black
due to weakness on c5.} Bf8 (26... f5 27. f3 f4 28. Bxf4 (28. fxe4 fxe3 29.
Nxe3 Re1 30. Nd5 Rxe4 31. Rxg6 Re2 $16) 28... exf4 29. fxe4 Re1 30. e5 Bxe5 31.
Rxg6+ Kh7 (31... Kf7 32. Nxe5+ Rxe5 33. Rxh6 Re2 34. Rh4 $18) 32. Nxe5 Rxe5 33.
Rf6 Re4 34. Kg1 $18) 27. Rc6 Rd5 28. h4 $5 (28. f3 Ng5 29. Nb6 Rd6 30. Rxd6
Bxd6 31. Nc4 Be7 32. Nxe5 $16) 28... Kg7 29. h5 g5 30. g4 Nf6 31. Kh3 e4 $2 {
Missing white's reply.} (31... Nd7 $16) 32. b4 $1 $18 {It turns out that black
can't take the pawn because of Bd4 with lethal pin.} Nd7 (32... cxb4 $8 33. Bd4
{[%cal Gd4g7]} Rxd4 (33... Be7 34. Ne3 $18) 34. cxd4 Nd5 35. Ne3 Nf4+ 36. Kh2 (
36. Kg3 $6 Ne2+ 37. Kg2 Nxd4 38. Rc4 Ne6 $14) 36... Nd3 37. Nf5+ Kh7 38. Rb6
Nxf2 39. Kg3 Nd3 40. Rb7 $18) 33. b5 Rd3 34. Rc7 Rxc3 35. Rxd7 Rxc4 36. Bd2 $1
{The last touch! Black rook can't stop white's passer.} Kf6 (36... Rc2 37. b6
Kg8 38. b7 Rb2 39. Bc3 Rb3 40. Kg2 $18 {[%cal Gc3e5]}) 37. b6 Ke6 38. b7 Kxd7
39. b8=Q Rd4 1-0

[Event "Vidmar Memorial 14th"]
[Site "Portoroz"]
[Date "2001.07.10"]
[Round "8"]
[White "Sermek, Drazen"]
[Black "Beliavsky, Alexander G"]
[Result "1/2-1/2"]
[WhiteElo "2579"]
[BlackElo "2659"]
[Annotator "Finkel,A"]
[PlyCount "104"]
[EventDate "2001.07.03"]
[EventType "tourn"]
[EventRounds "9"]
[EventCountry "SLO"]
[EventCategory "14"]
[SourceTitle "CBM 085"]
[Source "ChessBase"]
[SourceDate "2001.11.13"]
[SourceVersion "1"]
[SourceVersionDate "2001.11.13"]
[SourceQuality "1"]

1. e4 d6 2. d4 Nf6 3. Nc3 g6 4. g3 Bg7 5. Bg2 O-O 6. Nge2 (6. h3 e5 7. Nge2 c6
8. O-O Na6 9. Bg5 Nc7 10. d5 cxd5 11. exd5 h6 12. Be3 b5 $132 {Klimov,
S-Gubanov,A/St.Petersburg op 1995}) 6... c6 7. O-O Na6 (7... e5 8. a4 Na6 9. h3
Nc7 10. a5 exd4 11. Nxd4 d5 12. exd5 Nfxd5 13. Nxd5 Nxd5 14. a6 Qb6 15. axb7
Bxb7 16. Nb3 $14 {Spasov,V-Lazic,M/Open 1998}) 8. h3 e5 (8... d5 $6 9. e5 Nd7
10. f4 f5 11. exf6 Nxf6 12. Be3 Be6 13. g4 $14 {Mohr,S-Paehtz,T/DDR-FRG 1988})
9. Be3 Bd7 $6 {Black bishop has nothing to do on d7} (9... Nc7 10. Qd2 d5 (
10... a5 11. a4 Qe7 12. f4 exd4 13. Bxd4 d5 14. e5 Nd7 15. Kh2 f5 16. exf6 Nxf6
17. Rae1 $14 {Raud,R-Englmeier,H/Neckar op 2nd 1998}) 11. exd5 Nfxd5 12. dxe5
Bxe5 13. Nxd5 Nxd5 14. Rad1 Be6 15. Bc5 Re8 16. f4 Bg7 17. c4 Nb6 18. b3 $14 {
Lankenau,C-Korth,U/GER-chJI U20 1993}) (9... Qe7 10. a4 h6 11. Qd2 Kh7 12. Rae1
Be6 13. f4 Bc4 14. b3 exd4 15. Bxd4 Bxe2 16. Rxe2 Ne8 17. Kh2 Nac7 18. Rd1 $14
{Vatanski,A-Wikberg,N/Helsinki We SKF op 1997}) (9... Re8 10. Qd2 Nd7 (10...
Qe7 11. Rae1 h5 12. f4 exf4 13. Bxf4 Nh7 14. Nc1 Bd7 15. e5 d5 16. Nd3 h4 17.
g4 Nc7 $132 {Weidemann,C-Shpilker,B/NRW-Cup Masters op 1997}) 11. Rad1 exd4 12.
Bxd4 Ne5 13. f4 Nc4 14. Qc1 f5 15. b3 Nb6 16. Bxg7 Kxg7 17. Qd2 $16 {Mokos,
J-Loomans,J/Bratislava op 1993}) 10. f4 exd4 11. Bxd4 d5 (11... Nc7 12. Bxf6
Qxf6 13. e5 Qe6 14. Qxd6 Qxd6 15. exd6 Ne8 16. Rad1 $16) 12. exd5 cxd5 13. Bxf6
{Giving up the bishop, but winnning a pawn.} (13. Nxd5 $6 Nxd5 14. Bxg7 (14.
Bxd5 Bxh3 15. Bxg7 Bxf1 16. Bxf8 Bxe2 17. Qxe2 Qxd5 $13) 14... Ne3 $1 15. Qd6 (
15. Qd3 Re8 16. Bxb7 Nc5 $17) 15... Re8 $1 (15... Kxg7 16. Qe5+ Qf6 17. Qxe3
Rae8 18. Qd2 Bb5 19. Bf3 Bxe2 20. Bxe2 Qxb2 $13) 16. Bf6 Qc8 17. Rf2 Nxg2 18.
Rxg2 Bxh3 $15) 13... Bxf6 (13... Qxf6 14. Nxd5 Qxb2 15. Ne7+ (15. Rb1) 15...
Kh8 16. Qxd7 $16) 14. Nxd5 Bxb2 15. Rb1 Bg7 (15... Ba3 16. Rxb7 Nc5 17. Qd4 $1
Nxb7 18. Nf6+ Kh8 19. Nxd7+ f6 20. Bxb7 $18) 16. Rxb7 Nc5 17. Rc7 $1 Rc8 ({
May be better was} 17... Bb5 $5 18. Re1 Re8 19. Rxc5 Bxe2 20. Qd2 Rb8 21. c3
$16) 18. Rxa7 Kh8 19. Kh2 Bb5 20. Re1 Bc4 (20... Ra8 21. Rxa8 Qxa8 22. Nc7 Qa5
23. Nxb5 Qxb5 24. Nd4 $16) 21. Nc1 $1 {[%cal Gc1b3]} Rc6 22. Nb3 Nxb3 23. axb3
Bxd5 24. Bxd5 $18 Rc3 $1 {Creating white some problems in converting his
adventage into win} 25. Ra8 $5 (25. Ree7 Qc8 26. Bc4 Qc5 27. Qe2 Qf5 28. Bd3
Qf6 29. b4 $18) 25... Qb6 26. Rxf8+ Bxf8 27. Re2 Qf6 28. Bc4 Bd6 29. Bd3 Kg7
30. Qd2 Rc7 31. Bc4 Ra7 32. Re3 Ra2 33. Rd3 (33. Qc3 $2 Qxc3 34. Rxc3 Bb4 $14)
33... Be7 (33... Bb8 34. Rd7 {[%csl Rf7]} Ra7 35. Rxa7 Bxa7 36. Qd7 Be3 37. Kg2
$18) 34. Re3 Bd6 35. Re2 Ra1 36. h4 Ra7 37. c3 $6 h6 38. Qd3 (38. Qd4 $6 Qxd4
39. cxd4 Kf6 $16) 38... Rc7 39. Re4 Bc5 40. Re5 Ba7 41. Kh3 h5 42. Re2 Bc5 43.
Kh2 (43. b4 $6 Bb6 {[%csl Rc3,Rc4]} 44. Rc2 $2 Rxc4 45. Qxc4 Qf5+ $19) 43...
Bf8 44. Rd2 Bc5 45. Re2 Ra7 46. b4 Bf8 47. Ra2 $5 Rxa2+ 48. Bxa2 Bxb4 49. cxb4
Qb2+ 50. Kh3 $2 (50. Kg1 Qxa2 51. b5 $18) 50... Qxa2 51. b5 Qf2 52. Qb1 Qe2
1/2-1/2

[Event "UKR-ch KO 74th"]
[Site "Rivne"]
[Date "2005.08.29"]
[Round "3.2"]
[White "Ushenina, Anna"]
[Black "Areshchenko, Alexander"]
[Result "0-1"]
[WhiteElo "2389"]
[BlackElo "2625"]
[Annotator "Finkel,A"]
[PlyCount "102"]
[EventDate "2005.08.24"]
[EventType "k.o."]
[EventRounds "5"]
[EventCountry "UKR"]
[SourceTitle "CBM 109"]
[Source "ChessBase"]
[SourceDate "2005.11.14"]
[SourceVersion "1"]
[SourceVersionDate "2005.11.14"]
[SourceQuality "1"]

1. g3 Nf6 2. Bg2 g6 3. e4 e5 4. d4 d6 5. Ne2 Bg7 6. Nbc3 O-O 7. h3 exd4 8. Nxd4
Nc6 9. Be3 Bd7 10. O-O Re8 11. Kh2 Qc8 12. Re1 {White enjoys some space
advantage, but black's position is rock solid, so the only way to make a
progress is by advancing the pawns on the kingside.} (12. Qd2 Re5 13. g4 Re8
14. Nde2 Ne5 15. b3 Qd8 16. f3 a6 17. Rad1 Rc8 18. Nf4 Nc6 19. Nfd5 Nxd5 20.
Nxd5 Be6 21. c4 $14 {Seul,G-Weischede,T/Dortmund 1992}) 12... a6 (12... Re5 13.
Nxc6 bxc6 14. g4 Rb8 15. Bxa7 Rxb2 16. Bd4 Rb4 17. Ne2 Re8 18. c3 Rb5 19. a4
Ra5 20. Ng3 c5 21. Be3 h6 $15 {Rubene,I-Shchekachev,A/Berlin 1993}) 13. f4 {
[%csl Re4]} (13. a4 h5 14. a5 Rb8 15. Qd2 Ne5 16. b3 c5 $6 17. Nde2 Bxh3 $6 18.
Bxh3 Nf3+ 19. Kg2 Nxd2 20. Bxc8 Nfxe4 21. Bd7 Re7 22. Bxd2 Nxd2 23. Rad1 $16 {
Prudnikova,S-Cedikova,K/Istanbul 2003}) 13... Re7 14. g4 Nxd4 15. Bxd4 Bc6 {
Black's defensive idea is to put a pressure on e4.} 16. Qd3 (16. g5 Nh5 17.
Bxg7 Nxg7 18. Qd3 Nh5 19. Qf3 f6 $13) 16... Qd7 17. Re2 Rae8 18. Rae1 h6 {
Black may consider playing g5 some time in the future to get control over e5.}
19. Bf3 ({Nothing promised} 19. e5 dxe5 20. Bxe5 Qxd3 21. cxd3 Bxg2 22. Kxg2 c6
(22... Nd7 $2 23. Nd5 $16 {[%csl Rc7]}) 23. Kf3 Rd7 $11 {with balanced
position.}) 19... a5 20. a3 ({It's too early for Nd5 yet:} 20. Nd5 $6 Bxd5 21.
exd5 Rxe2+ 22. Rxe2 Rxe2+ 23. Qxe2 Qa4 {[%csl Ra2,Rd4]} 24. c3 Qxa2 25. Qb5 b6
$15) 20... b6 21. b4 (21. Nd5 Bxd5 22. exd5 Rxe2+ 23. Rxe2 Rxe2+ 24. Qxe2 Ne8
$11) (21. Bf2 $5 {[%cal Gf2h4]}) 21... axb4 22. axb4 g5 $1 {From now on black
has nothing to worry about due to the weakness of the dark squares in the
white's camp.} 23. Qd2 (23. b5 Ba8 24. e5 Bxf3 25. Qxf3 (25. exf6 $2 Bxe2 26.
Nxe2 Bxf6 27. Bxf6 Re3 28. Qd2 Qe6 $19) 25... dxe5 26. Bxe5 gxf4 27. Bxf4 Rxe2+
28. Rxe2 Rxe2+ 29. Qxe2 c6 $11) (23. fxg5 hxg5 24. Re3 Nh7 25. Ne2 Be5+ 26. Kg2
f6 27. Ng3 Nf8 $15 {[%cal Gf8g6,Gg6f4]}) 23... gxf4 24. Qxf4 Nh7 25. Bxg7 Kxg7
26. Bg2 $6 ({It was just about a time to secure a draw by initiating a
multiple trades with 26.Nd5} 26. Nd5 Bxd5 27. exd5 Rxe2+ 28. Rxe2 Rxe2+ 29.
Bxe2 Qe7 30. Bd3 $11) 26... Qe6 {[%cal Ge6c4]} 27. b5 Ba8 28. Kg3 Qc4 $1 $15
29. Re3 Ng5 30. h4 (30. Rf1 Qd4 31. Rd3 Qe5 $15) 30... Ne6 31. Qf1 Qd4 32. Nd5
Qe5+ 33. Kh3 $2 {Overlooking black's reply. After correct} (33. Kf2 Rd7 34. Kg1
$13 {the position would've remained quite unclear.}) 33... Ng5+ $1 34. hxg5
hxg5 {[%csl Rh3][%cal Ge8h8]} 35. Nf6 Qxf6 36. Qxf6+ Kxf6 37. Rf1+ Kg7 $19 {
[%csl Rb5,Re4] The endgame is easily winning for black since all white pawns
are placed on the light squares.} 38. Rc3 Bb7 39. Kg3 (39. Ra1 Bxe4 40. Bxe4
Rxe4 41. Rxc7 Rh8+ (41... Re2 42. Rg1) 42. Kg3 Rh4 43. Rc6 Rhxg4+ 44. Kh3 Rh4+
45. Kg3 Re3+ 46. Kf2 Rhe4 $19) 39... Rd7 $1 {[%cal Ge8e5,Ge5c5]} 40. Rc4 Re5
41. Rb1 Rde7 42. Rbb4 Kf6 43. Ra4 Bc8 $5 (43... Rxb5 44. Ra7 c6 $19 (44... c5
$2 45. e5+ dxe5 46. Rxb7 $16)) 44. Ra7 Rxb5 45. Rcxc7 Rxc7 46. Rxc7 Rc5 $1 47.
Rxc5 dxc5 48. c3 Ke5 49. Kf3 b5 50. Bf1 b4 51. cxb4 cxb4 0-1